| 000 | 01035nas a2200253Ia 4500 | ||
|---|---|---|---|
| 001 | R455/D7414 | ||
| 003 | IT-RoPAU | ||
| 008 | 151124c99999999xx |||||||||||| ||und|| | ||
| 040 | _aIT-RoPAU | ||
| 040 | _cIT-RoPAU | ||
| 041 | _aITALIANO | ||
| 100 |
_aRocca Giancarlo _gCodice Aut. SPICS: 14701 |
||
| 210 | _aJESUS | ||
| 222 | _aJesus | ||
| 245 |
_aJESUS, ANNO 11-N.10 SUPPL. (OTTOBRE 1989) _bPapa Ratti E' Affascinato Dal Carisma Paolino |
||
| 250 | _a1a ed. | ||
| 260 |
_aALBA (CN) _bPERIODICI SAN PAOLO _c1989 |
||
| 501 |
_bPaulus - SPICS - Società San Paolo EM (non-commercial uses only) _cCopyright2015 |
||
| 300 | _a2 p. [10-11] | ||
| 362 | _aANNO 011, N.10 SUPPL. (OTTOBRE 1989) | ||
| 500 | _aNel Momento della Prima Fioritura Delle Congregazioni Fondate da Don Giacomo Alberione, Mentre la Società San Paolo S'Impone per la Buona Stampa, Qualcuno Paventa per Questa Novità. Non Vi sono Precedenti di un Istituto con Tale Fine Specifico. ma Intervi | ||
| 650 |
_aPASTORALE _vPUBBLICAZIONE PERIODICA |
||
| 942 | _cCR | ||
| 999 |
_c129254 _d129254 |
||